International politics on climate change
Сохранить в:
| Главный автор: | |
|---|---|
| Формат: | |
| Язык: | английский |
| Опубликовано: |
Book Shore
2017
|
| Метки: |
Добавить метку
Нет меток, Требуется 1-ая метка записи!
|
MARC
| LEADER | 00000nam a22000007a 4500 | ||
|---|---|---|---|
| 008 | 240315b |||||||| |||| 00| 0 eng d | ||
| 020 | |a 9788193354261 | ||
| 100 | |a VISHWENDRA, Anant Chauhan | ||
| 245 | |a International politics on climate change |c /Anant Chauhan Vishwendra |g v, 288p | ||
| 260 | |b Book Shore |c 2017 |h New Delhi |i 701380 |i 701381 |l GE170.V82 |m Environmental policy |m Climatic changes- Government policy | ||
| 500 | |a it includes references and index | ||
| 942 | |a lcc |c BK |e Johnson |f 15/03/24 | ||
| 952 | |0 0 |1 0 |2 lcc |4 0 |6 GE0170 V82 |7 0 |9 4984 |a SSL |b HOL |c GJ |d 2024-03-15 |l 0 |o GE170.V82 |p 2024-0235 |r 2024-03-15 00:00:00 |t 701380 |w 2024-03-15 |y BK | ||
| 952 | |0 0 |1 0 |2 lcc |4 0 |6 GE0170 V82 |7 0 |9 4985 |a HOL |b HOL |c GJ |d 2024-03-15 |l 0 |o GE170.V82 |p 2024-0236 |r 2024-03-15 00:00:00 |t 701381 |w 2024-03-15 |y BK | ||
| 999 | |c 2474 |d 2474 | ||